| 000 | 00716nam a22002177a 4500 | ||
|---|---|---|---|
| 005 | 20130726105744.0 | ||
| 010 | _aENG-104363 | ||
| 020 |
_a9788178796765 _c800.00 |
||
| 035 | _aEN -87896 | ||
| 035 | _aB-494879 | ||
| 037 | _bDBAD/PUB | ||
| 037 |
_bRBC/Ven _adpl |
||
| 082 | _a306.483 | ||
| 245 |
_aSports sociology / _cedited & compiled by B.J.Srinivasaraju |
||
| 260 |
_aNew Delhi _bSports Publication _c2011 |
||
| 270 |
_a7/26, Ground Floor, Ansari Road,Darya Ganj, _bNew Delhi _e110002 |
||
| 300 |
_a316p. _c23cm(Hb) |
||
| 700 |
_aSrinivasaraju, B.J. _937056 |
||
| 942 |
_2ddc _cEN _mSPO _h306.483 |
||
| 999 |
_c59511 _d59511 |
||